| 000 | 01321cam a2200313 i 4500 | ||
|---|---|---|---|
| 001 | 10136013 | ||
| 003 | EG-ScBUE | ||
| 005 | 20240321102518.0 | ||
| 008 | 830623t1923 nyua 001 0 1ng eng d | ||
| 040 |
_aDLC _beng _erda _cCarP _dDLC _dEG-ScBUE |
||
| 082 | 0 | 4 |
_222 _a932.014 _bCAR |
| 100 | 1 |
_aCarter, Howard, _eauthor. _910884 |
|
| 245 | 1 | 4 |
_aThe Tomb of Tut-Ankh-Amen : _bdiscovered by the late earl of Carnarvon and Howard Carter / _cBy Howard Carter and A. C. Mace, associate curator, Metropolitan Museum of Art, New York ; with 104 illustrations from photographs by Harry Burton, of the Metropolitan Museum of Art, New York. |
| 264 | 1 |
_aNew York : _bGeorge H. Doran Company, _c[1923] |
|
| 264 | 4 | _cc1923 | |
| 300 |
_a333 pages : _billustrations ; _c23 cm |
||
| 336 |
_2rdacontent _atext _btxt |
||
| 337 |
_aunmediated _2rdamedia _bn |
||
| 338 |
_avolume _bnc _2rdacarrier |
||
| 500 | _aIncludes index. | ||
| 600 | 0 | 7 |
_aTutankhamen, _cKing of Egypt _xTomb. _2BUEsh _910885 |
| 651 | 7 |
_910882 _aEgypt _xHistory _yTo 332 B.C. _2BUEsh |
|
| 651 | 7 |
_910883 _aEgypt _xHistory _yEighteenth dynasty, ca. 1570-1320 B.C. _2BUEsh |
|
| 655 | _vReading book | ||
| 700 | 1 |
_aMace, Arthur Cruttenden, _d1874- _ejoint author. _910886 |
|
| 700 | 1 |
_aBurton, Harry, _ephotographer. |
|
| 942 |
_2ddc _cBB |
||
| 999 |
_c13259 _d13259 |
||